000 007310000a22002290004500
090 _aAR
_b02317
245 1 0 _aRecursos vegetales no maderables en el norte del departamento del Guaviare (<Amazonia colombiana>)
650 1 4 _aCobertura vegetal
_992269
650 1 4 _aFisiografía
_98343
650 1 4 _aInventarios de vegetación
_993148
650 1 4 _aPlantas útiles
_992936
651 4 _dGuaviare
_pColombia
_992749
653 _fArecaceae
653 _fHeliconiaceae
653 _fFabaceae
041 0 _aEspañol
700 1 _aCárdenas López, Dairon
_995852
700 1 _aMarín Corba, César A.
_995853
100 1 _aLópez Camacho, René
_9442
942 _cARTICULO
773 1 _tPerez Arbelaezia
_3317
_h1-2
_q25-36
_d1997
_g4
999 _c11388
_d11388